Normal view
MARC view
- التعليم-البحث العلمي
Entry Topical Term
001 - CONTROL NUMBER
- control field: 61075
003 - CONTROL NUMBER IDENTIFIER
- control field: JO-AjAnu
005 - DATE AND TIME OF LATEST TRANSACTION
- control field: 20230606084000.0
008 - FIXED-LENGTH DATA ELEMENTS
- fixed length control field: 230606|| aca||aabn | a|a d
040 ## - CATALOGING SOURCE
- Original cataloging agency: JO-AjAnu
- Transcribing agency: JO-AjAnu
150 ## - HEADING--TOPICAL TERM
- Topical term or geographic name entry element: التعليم-البحث العلمي
670 ## - SOURCE DATA FOUND
- Source citation: Work cat.: (JO-AjAnu)31151: تاليف عودة، احمد سليمان،م.مشارك فتحي حسن ملكاوي, author 61074, اساسيات البحث العلمي في التربية والعلوم الانسانينه: عناصر البحث ومناهجه والتحليل افحصائي لبياناته